Zmluvy, lízingy a licencie v rámci systému národných účtov ESA 2010

Základná charakteristika pojmov zmluva, lízing a licencia. Zaznamenávanie rôznych skupín komplexných zmlúv a s tým súvisiacich základných. Operatívny lízing. Finančný lízing. Lízing zdrojov .

Gespeichert in:
Bibliographische Detailangaben
1. Verfasser: Staríčková, Zuzana
Format: Buchkapitel
Sprache:Slowakisch
Schlagworte:
Tags: Tag hinzufügen
Keine Tags, Fügen Sie das erste Tag hinzu!

MARC

LEADER 00000naa a2200000 4500
001 0249734
005 20260205071635.4
041 0 |a slo 
044 |a SK 
245 1 0 |a Zmluvy, lízingy a licencie v rámci systému národných účtov ESA 2010  |c Zuzana Staríčková 
520 |a Základná charakteristika pojmov zmluva, lízing a licencia. Zaznamenávanie rôznych skupín komplexných zmlúv a s tým súvisiacich základných. Operatívny lízing. Finančný lízing. Lízing zdrojov . 
610 2 0 |a účty národné 
610 2 0 |a licencie 
610 2 0 |a lízing finančný 
610 2 0 |a lízing operatívny 
610 2 0 |a vlastníctvo 
100 1 |a Staríčková, Zuzana